PERIODISMO TRANSCENDENTE (Registro nro. 6576)
[ vista simple ]
| 000 -LEADER | |
|---|---|
| fixed length control field | 00442nam a2200169 a 4500 |
| 001 - CONTROL NUMBER | |
| control field | 6576 |
| 005 - DATE AND TIME OF LATEST TRANSACTION | |
| control field | 20180713190440.0 |
| 008 - FIXED-LENGTH DATA ELEMENTS--GENERAL INFORMATION | |
| fixed length control field | 140415s1989 mx 000 0 spa d |
| 041 ## - LANGUAGE CODE | |
| Language code of text/sound track or separate title | spa |
| 082 ## - DEWEY DECIMAL CLASSIFICATION NUMBER | |
| Classification number | 070.4 |
| Item number | BOR |
| 100 1# - MAIN ENTRY--PERSONAL NAME | |
| Personal name | BORREGO E., SALVADOR |
| 245 10 - TITLE STATEMENT | |
| Title | PERIODISMO TRANSCENDENTE |
| 250 ## - EDITION STATEMENT | |
| Edition statement | 17ed. |
| 260 ## - PUBLICATION, DISTRIBUTION, ETC. | |
| Place of publication, distribution, etc. | MEXICO : |
| Name of publisher, distributor, etc. | ALFARO TIPOGRAFIAS EDITORIALES, |
| Date of publication, distribution, etc. | 1989 |
| 300 ## - PHYSICAL DESCRIPTION | |
| Extent | 232 |
| 650 14 - SUBJECT ADDED ENTRY--TOPICAL TERM | |
| Topical term or geographic name entry element | PERIODISMO |
| General subdivision | ENSEANZA |
| Withdrawn status | Lost status | Source of classification or shelving scheme | Damaged status | Not for loan | Home library | Current library | Shelving location | Date acquired | Source of acquisition | Total Checkouts | Full call number | Barcode | Price effective from | Koha item type | Collection code | Inventory number | Date last seen |
|---|---|---|---|---|---|---|---|---|---|---|---|---|---|---|---|---|---|
| No inventariado | Dewey Decimal Classification | Biblioteca Karol Wojtyla | Biblioteca Karol Wojtyla | 03/12/2013 | Compra | '070.4 BOR | 9687 | 03/12/2013 | Libro | ||||||||
| No inventariado | Dewey Decimal Classification | Biblioteca Karol Wojtyla | Biblioteca Karol Wojtyla | 03/12/2013 | Compra | '070.4 BOR | 19125 | 03/12/2013 | Libro | ||||||||
| Dewey Decimal Classification | Biblioteca Karol Wojtyla | Biblioteca Karol Wojtyla | Sala general | 03/12/2013 | Compra | '070.4 BOR | 37705 | 03/12/2013 | Libro | General | 151000000000000000059990 | 05/01/2026 |